[Event "Aimchess US Rapid Prelims 2021"]
[Site "Chess24"]
[Date "2021.08.25"]
[Round "6.4"]
[White "Hansen, Eric"]
[Black "Carlsen, Magnus"]
[Result "0-1"]
[WhiteElo "2606"]
[BlackElo "2847"]
[Annotator "TA"]
[PlyCount "70"]
[EventDate "2021.08.28"]
[EventType "tourn"]
[EventCountry "NET"]
[Tiebreak "Direct encounter+Number of wins+Koya"]
[SourceTitle "playchess.com"]
[Source "ChessBase"]
[SourceQuality "1"]

{[%evp 16,70,63,41,60,41,93,80,90,100,95,87,93,91,87,72,84,76,64,54,39,53,65,
29,39,49,21,21,27,25,36,30,30,27,95,0,175,159,283,124,97,102,109,49,135,0,0,
-739,-732,-716,-620,-608,-595,-589,-581,-559,-543]} 1. e4 e5 2. Nf3 Nc6 3. Bc4
Bc5 4. c3 Bb6 5. d4 Qe7 6. O-O Nf6 7. Re1 d6 8. h3 h6 9. a4 a6 {C53: Giuoco
Piano sidelines.} 10. Be3 g5 ({Black should try} 10... O-O $14) 11. dxe5 dxe5 {
White is better.} 12. Bxb6 cxb6 {[#]} 13. Nbd2 $146 ({Predecessor:} 13. Nh2 g4
14. hxg4 Rg8 15. Be2 Be6 16. Na3 Rd8 17. Qc1 Rd6 18. Nc2 Nxe4 19. Qe3 {1-0 (36)
Smirnov,A (2527)-Brown,A (2293) Cammeray 2018}) 13... g4 14. hxg4 Bxg4 15. Qb3
Qc7 16. Bd5 O-O-O 17. c4 Rhg8 18. Qc3 Nd4 19. a5 b5 20. Nxd4 exd4 21. Qb3 Nxd5
22. exd5 bxc4 23. Nxc4 Kb8 $1 24. Rac1 {Strongly threatening Ne5.} Rge8 {[#]} (
24... Qf4 $11 {remains equal.} 25. Ne5 Ka8) 25. Nb6 ({Better is} 25. Rxe8 $1
$16 Rxe8 26. d6) 25... Rxe1+ $2 (25... Qf4 $1 $11) 26. Rxe1 $16 Bf5 (26... Qf4
$16 {was worth a try.}) 27. Qb4 (27. Qf3 $18 {and White stays clearly on top.}
Bc8 28. Qe4) 27... d3 28. Qd4 Qd6 29. Rc1 (29. Nc4 $16 Qb4 30. Rd1) 29... h5 {
[#]} (29... Re8 $14) 30. b4 (30. Nc4 $1 $16 {[%cal Rc4d6]} Qc7 31. Rc3) 30...
Re8 $40 {[%mdl 128] White needs to defend precisely.} 31. Qc4 $2 {[%mdl 8192]}
(31. Nc4 $11 Qxb4 32. Qf4+ Ka7 33. Qxf5) 31... d2 $19 {And now ...Re1+ would
win.Black is clearly winning.} 32. Rf1 Bg4 {Hoping for ...Re1.} 33. Qd4 d1=Q
34. Rxd1 Bxd1 35. Qxd1 {Now Qd2 and White clings on.} Qxb4 {Weighted Error
Value: White=0.60/Black=0.36} 0-1

[Event "Aimchess US Rapid Prelims 2021"]
[Site "Chess24"]
[Date "2021.08.25"]
[Round "6.6"]
[White "Dominguez Perez, Leinier"]
[Black "Aronian, Levon"]
[Result "0-1"]
[WhiteElo "2758"]
[BlackElo "2782"]
[Annotator "TA"]
[PlyCount "96"]
[EventDate "2021.08.28"]
[EventType "tourn"]
[EventCountry "NET"]
[Tiebreak "Direct encounter+Number of wins+Koya"]
[SourceTitle "playchess.com"]
[Source "ChessBase"]
[SourceQuality "1"]

{[%evp 15,96,20,20,21,24,11,17,17,22,22,11,17,11,13,17,18,17,15,11,13,20,9,27,
14,12,0,0,0,-4,-8,0,-56,-58,-116,-112,-110,-110,-149,-143,-142,-145,-142,-120,
-137,-138,-143,-143,-202,-195,-248,-254,-258,-249,-252,-247,-479,-469,-449,
-441,-505,-454,-460,-399,-564,-487,-1481,-618,-714,-714,-687,-637,-1159,-1169,
-1060,-1066,-1064,-985,-1295,-1238,-5197,-4989,-5513,-5465]} 1. e4 e5 2. Nf3
Nc6 3. Bc4 Bc5 4. c3 Nf6 5. d3 O-O 6. O-O d5 7. exd5 Nxd5 8. Re1 Bg4 9. Nbd2 {
C54: Giuoco Piano: 4 c3 Nf6, main lines with 5 d4 and 5 d3.} Nb6 10. h3 Bh5 11.
Bb3 {The position is equal. now scores much better than the old 11.Bb5.} Qxd3
12. Nxe5 Qf5 13. Nef3 $1 Rad8 14. Qe2 Nd5 15. Ne4 Bxf3 16. Qxf3 Qxf3 17. gxf3
Bb6 {[#]} 18. a4 $146 ({Predecessor:} 18. Bg5 Nde7 19. a4 a5 20. Rad1 Rxd1 21.
Rxd1 h6 22. Bxe7 Nxe7 23. f4 Ng6 24. f5 {1/2-1/2 (51) So,W (2770)-Radjabov,T 
(2765) chess24.com INT 2021}) 18... h6 19. Rd1 Nde7 20. Rxd8 Rxd8 21. Kf1 Kf8
22. Be3 Nf5 23. Bxb6 (23. Bf4 $11) 23... axb6 $15 24. Rd1 {Black converts the
advantage convincingly.} ({Better is} 24. f4 $15) 24... Rxd1+ $17 25. Bxd1 {
[%mdl 4096] Endgame KBN-KNN} Ne5 $1 26. Ng3 {[#]} Nh4 27. Ke2 Nhxf3 28. Ke3 Ng1
29. b3 Nxh3 30. f4 {[#]} Ng6 31. Nh5 (31. Bf3 $17) 31... Ne7 $19 32. Bg4 (32.
Bf3 $142) 32... Nd5+ 33. Kf3 {[#]} g6 $1 34. Bxh3 gxh5 {KB-KN} 35. Bc8 $2 (35.
c4 Ne7 36. Bf1) 35... Nxc3 36. Bxb7 Ke7 37. Ke3 Kd6 38. Kd4 Na2 39. Ke4 (39.
Bg2 {is a better defense.}) 39... Nb4 {Black is clearly winning.} 40. Kf5 (40.
Kf3 $142 Nc6 41. Kg3) 40... Nd5 (40... c6 $142 41. Ke4 Kc7) 41. Ba6 h4 42. Kg4
h3 {White must now prevent ...h2.} 43. Be2 h2 44. Bf3 Kc5 45. f5 Nf6+ 46. Kf4
Kb4 47. Ke5 {[#]} Ng4+ $1 {[%mdl 512]} 48. Kd5 (48. Kf4 Nf2) 48... Kxb3 {
Weighted Error Value: White=0.48/Black=0.16} 0-1

[Event "Aimchess US Rapid Prelims 2021"]
[Site "Chess24"]
[Date "2021.08.25"]
[Round "6.7"]
[White "Mamedyarov, Shakhriyar"]
[Black "Liang, Awonder"]
[Result "1-0"]
[WhiteElo "2782"]
[BlackElo "2587"]
[Annotator "TA"]
[PlyCount "125"]
[EventDate "2021.08.28"]
[EventType "tourn"]
[EventCountry "NET"]
[Tiebreak "Direct encounter+Number of wins+Koya"]
[SourceTitle "playchess.com"]
[Source "ChessBase"]
[SourceQuality "1"]

{[%evp 17,125,0,4,10,69,62,74,89,72,0,0,0,0,0,92,83,104,134,100,18,21,0,0,-8,0,
0,51,55,72,70,68,63,78,81,103,98,110,88,97,55,52,75,71,61,74,57,86,84,112,70,
123,120,123,118,129,116,117,117,125,113,114,87,99,93,97,112,100,81,83,90,81,66,
68,52,84,87,83,48,87,53,66,26,35,35,40,43,70,42,524,501,702,687,475,392,12835,
12835,12835,12836,12836,12837,12841,12842,12843,12843,12845,12845,12847,12847,
12849,12849]} 1. d4 d5 2. c4 c6 3. Nc3 Nf6 4. e3 e6 5. Nf3 Nbd7 6. Bd3 dxc4 7.
Bxc4 b5 8. Bd3 Bb7 9. e4 b4 $1 {[%cal Rb4c3]} 10. Na4 {D47: Semi-Slav: Meran
System.} a6 (10... c5 $11) 11. O-O c5 12. e5 {White is better.} Nd5 13. Re1 (
13. Ng5 $16) 13... cxd4 $11 14. Nxd4 g6 15. Qg4 {[#]} Nc5 $146 {[#]} (15... Qa5
$11 {remains equal.} 16. b3 Nc5 17. Nxc5 Bxc5) ({Predecessor:} 15... Qa5 16. b3
Nc5 17. Nxc5 Bxc5 18. Bc4 Qb6 19. Bxd5 Bxd5 20. Be3 h5 21. Qf4 Qb7 22. Qf6 Rg8
23. Rac1 Be7 24. Qf4 g5 25. Qg3 Rg6 26. Qh3 Rh6 27. g4 h4 28. Qf1 {1/2-1/2 (28)
Scheiba,M (2543)-Zidu,J (2542) Remote email 2013}) 16. Bg5 $1 $16 {[%cal Rg5d8]
} Qd7 (16... h5 17. Qh4) 17. Nxc5 Bxc5 18. Nf3 (18. Nb3 $16 Bb6 19. Bh6) 18...
h6 $11 19. Bd2 Ne7 $36 {[%mdl 2048] Black has good play.} 20. Be4 (20. Bf1 {
keeps more tension.} a5 21. Rad1 Qc7 22. Nd4 Qb6 23. Be3) 20... Bxe4 21. Qxe4
Qd5 ({Better is} 21... Qa7 $11) 22. Bxb4 $14 Qxe4 23. Rxe4 Bxb4 24. Rxb4 Nd5
25. Rc4 Kd7 26. Rac1 Rhb8 27. R1c2 a5 28. Ne1 Nb4 29. Rd2+ Ke8 {[#]} 30. a3 $1
{[%cal Ra3b4]} Nd5 31. Nd3 Rb5 32. Rdc2 Rab8 33. Rc8+ Ke7 (33... Rxc8 $14 34.
Rxc8+ Kd7) 34. Rxb8 $16 Rxb8 {[%mdl 4096] Endgame KRN-KRN} 35. Kf1 g5 36. g3
Nb6 37. Ke2 Na4 38. Kd2 Kd8 39. Kc1 Rb3 40. Rd2 {Nc5+ is the strong threat.}
Kc7 41. Kc2 Rb5 42. Re2 (42. b3 {is more complex.} Nb6 43. Kc3 h5 44. Rc2 Kd8
45. Re2) 42... Nc5 43. Nxc5 Rxc5+ {KR-KR} 44. Kb3 Kb6 45. Re4 Rc1 46. Re3 Rh1
47. Rf3 Rxh2 48. Rxf7 {And now Kc4 would win.} Kb5 $1 49. Kc3 h5 $1 50. Kd3 h4
51. gxh4 gxh4 52. Ke2 Rh1 $2 {[%mdl 8192] This move loses the game for Black.}
({Black should play} 52... Kc4 $14) 53. Re7 $18 Rb1 {next ...h3 is good for
Black.} 54. Rxe6 Rxb2+ 55. Kf3 Kc4 $2 (55... Ra2 56. Rh6 Rxa3+ 57. Kg4 a4) 56.
Rh6 {White is clearly winning.} Kd5 57. Rxh4 Rb3+ 58. Kf4 Rxa3 59. Rh6 Ra1 60.
Kf5 a4 61. f4 a3 62. Ra6 a2 63. e6 {Weighted Error Value: White=0.13/Black=0.30
} 1-0

[Event "Aimchess US Rapid Prelims 2021"]
[Site "Chess24"]
[Date "2021.08.25"]
[Round "6.8"]
[White "Artemiev, Vladislav"]
[Black "Giri, Anish"]
[Result "1/2-1/2"]
[WhiteElo "2704"]
[BlackElo "2776"]
[Annotator "TA"]
[PlyCount "114"]
[EventDate "2021.08.28"]
[EventType "tourn"]
[EventCountry "NET"]
[Tiebreak "Direct encounter+Number of wins+Koya"]
[SourceTitle "playchess.com"]
[Source "ChessBase"]
[SourceQuality "1"]

{[%evp 9,114,10,23,7,8,14,21,3,12,-11,-11,-22,-17,-18,-18,-17,-16,-28,0,-16,
-14,-21,-21,-21,-18,-23,-21,-12,-13,-13,-14,-8,0,0,29,27,43,35,42,50,44,42,45,
50,45,45,43,30,33,30,27,24,24,24,24,24,24,24,24,0,0,0,0,0,0,0,5,3,3,3,3,3,3,3,
3,3,3,3,3,3,3,3,3,3,3,3,3,3,3,3,3,0,0,0,0,0,0,-5,-5,-5,-5,-5,-5,-5,0,0,0]} 1.
c4 e5 2. g3 Nf6 3. Bg2 c6 4. Nf3 e4 5. Nd4 Qb6 6. e3 {A20: English Opening: 1..
.e5.} d5 7. cxd5 cxd5 8. O-O Nc6 9. d3 Bg4 {[#]} 10. Qd2 $146 ({Predecessor:} 
10. Qa4 Qb4 11. Qxb4 Nxb4 12. dxe4 dxe4 13. Nc3 Bc5 14. Nxe4 Bxd4 15. exd4 Nc2
16. Nxf6+ gxf6 17. Bxb7 {1-0 (49) Bourdonnais,L (2190)-Bakalarz,M (2308)
Agneaux 2013}) 10... Bb4 11. Nc3 {[%cal Rd3e4]} O-O 12. dxe4 dxe4 13. h3 Bd7 (
13... Bh5 {is interesting.} 14. g4 Bg6 15. Nxc6 Qxc6 16. Qd4 Bxc3 17. Qxc3 Qxc3
18. bxc3 h5) 14. Nxc6 Bxc6 15. Qc2 Bxc3 16. Qxc3 Rac8 17. Qb3 Qxb3 18. axb3
Rfd8 19. Rxa7 Bb5 20. Re1 Ba6 21. b4 Rd5 22. b3 Rd3 23. b5 Bxb5 24. Rxb7 Rxb3
25. Bf1 Bc4 26. Rxb3 Bxb3 27. Bb2 Nd7 28. Bd4 Nf8 29. Rb1 Bc4 30. Bxc4 Rxc4 $11
{[%mdl 4096] Endgame KRB-KRN} 31. Rb8 {[#] Strongly threatening Bb2.} f6 32.
Bb2 {Threatens to win with Ba3.} Kf7 33. Rb7+ Kg8 34. Ba3 {Hoping for Rb8!} Ng6
{The position is equal.} 35. Bd6 Rc6 36. Bb8 (36. Bc7 {is more complex.} Re6
37. Kg2 Re7 38. Rb8+ Kf7 39. Bd6) 36... Re6 37. Kg2 (37. Kh2 {seems wilder.} h5
38. g4 h4 39. g5 Re8 40. gxf6 gxf6 41. Rb5) 37... Ne5 38. Bxe5 Rxe5 {KR-KR} 39.
g4 h5 40. Kg3 hxg4 41. hxg4 g5 42. Kg2 Kf8 43. Kf1 Re7 44. Rb6 Kf7 45. Ke2 Kg6
46. Rb5 Re6 47. Rd5 Ra6 48. Rd4 Re6 49. Kd2 Re8 50. Kc3 Ra8 51. Rxe4 Ra2 $1 52.
f4 gxf4 53. exf4 Rg2 54. g5 fxg5 55. fxg5 Kxg5 56. Rd4 Rg4 57. Rxg4+ Kxg4 {
Weighted Error Value: White=0.03/Black=0.02} 1/2-1/2

[Event "Aimchess US Rapid Prelims 2021"]
[Site "Chess24"]
[Date "2021.08.25"]
[Round "7.1"]
[White "Giri, Anish"]
[Black "Duda, Jan-Krzysztof"]
[Result "1/2-1/2"]
[WhiteElo "2776"]
[BlackElo "2738"]
[Annotator "TA"]
[PlyCount "98"]
[EventDate "2021.08.28"]
[EventType "tourn"]
[EventCountry "NET"]
[Tiebreak "Direct encounter+Number of wins+Koya"]
[SourceTitle "playchess.com"]
[Source "ChessBase"]
[SourceQuality "1"]

{[%evp 14,98,33,25,35,26,35,37,41,39,37,47,35,48,58,43,62,14,19,22,21,30,15,15,
15,19,10,9,8,8,9,9,26,16,25,14,39,39,39,39,40,40,60,55,60,41,46,35,35,30,37,35,
42,35,38,37,37,37,41,41,41,41,50,23,23,22,23,0,30,16,16,0,0,3,10,0,0,0,0,0,0,0,
0,0,0,0,0]} 1. d4 Nf6 2. c4 g6 3. Nc3 d5 4. Nf3 Bg7 5. Qb3 dxc4 6. Qxc4 O-O 7.
e4 Nc6 8. Be2 e5 $1 {[%cal Re5d4][%mdl 4] now scores much better than the old
8...Bg4. D97: Grünfeld: Russian System: 7 e4, replies other than 7...Bg4.} 9.
d5 (9. Nxe5 Nxd4 10. O-O {[#]} Nxe4 $1 $17 {[%mdl 512]}) 9... Nd4 10. Nxd4 exd4
{White is slightly better.} 11. Qxd4 c6 12. Qc4 b5 13. Qxc6 Bd7 14. Qd6 Re8 15.
e5 b4 16. Qxb4 ({Wrong is} 16. exf6 $2 bxc3 17. O-O (17. fxg7 $2 cxb2 18. Bxb2
Rxe2+ {[%mdl 64] Double Attack} 19. Kf1 Rxb2 $19) (17. bxc3 $2 Rxe2+ 18. Kf1
Rxa2 $19) 17... Rxe2 $19) 16... Rxe5 17. O-O a5 18. Qd4 Nxd5 $1 {[#]} 19. Bh6
$1 Nxc3 {[#]} 20. Qxc3 $146 {next Bxg7 is good for White.} ({Predecessor:} 20.
bxc3 Bf6 21. Be3 Re8 22. Qd2 Ba4 23. Bd4 Qd6 24. Bf3 Rad8 25. Rfe1 Rxe1+ 26.
Rxe1 Bxd4 27. cxd4 Qxd4 28. Qxa5 {1/2-1/2 (81) Baenziger,F (2392)-Fecker,N 
(2309) Flims 2021}) 20... Rc8 21. Bxg7 Rxc3 22. Bxe5 Rc5 23. Bc3 Qc7 24. Rfd1
Rxc3 25. bxc3 Qxc3 26. Rac1 Qe5 27. Bc4 Bb5 28. Re1 Qf5 29. g3 Kg7 30. Bxb5 (
30. Red1 {feels hotter.} Bc6 31. Bd5 Ba4 32. Rd4 Qe5 33. Rxa4 Qxd5 34. Rac4)
30... Qxb5 $14 {[%mdl 4096] Endgame KQ-KRR} 31. Rc2 Qa4 32. Rec1 g5 33. h3 h5
34. Rc5 Kg6 35. R1c2 f6 36. R5c4 Qd7 37. Kh2 Qd3 38. R4c3 Qd6 39. Rc6 Qd3 40.
R6c3 Qd6 41. Rc5 Qd3 {The position is equal.} 42. a4 Qb3 43. R5c4 Qd3 44. h4
gxh4 45. gxh4 Qd6+ 46. Kg2 Qd5+ 47. Kh2 Qd6+ 48. Kg2 Qd5+ 49. Kh2 Qd6+ {
Weighted Error Value: White=0.05/Black=0.03} 1/2-1/2

[Event "Aimchess US Rapid Prelims 2021"]
[Site "Chess24"]
[Date "2021.08.25"]
[Round "7.2"]
[White "Liang, Awonder"]
[Black "Artemiev, Vladislav"]
[Result "0-1"]
[WhiteElo "2587"]
[BlackElo "2704"]
[Annotator "TA"]
[PlyCount "50"]
[EventDate "2021.08.28"]
[EventType "tourn"]
[EventCountry "NET"]
[Tiebreak "Direct encounter+Number of wins+Koya"]
[SourceTitle "playchess.com"]
[Source "ChessBase"]
[SourceQuality "1"]

{[%evp 10,50,46,36,38,52,33,25,38,46,48,25,37,23,35,29,25,0,2,7,-4,-54,-41,-97,
0,-5,0,-341,-343,-339,-326,-327,-326,-326,-312,-312,-310,-308,-310,-29957,
-6579,-29992,-29993]} 1. e4 e5 2. Nf3 Nc6 3. Bb5 a6 4. Ba4 d6 5. O-O Bd7 6. c4
Nge7 {C72: Ruy Lopez: Deferred Steinitz: 5 0-0.} 7. Nc3 g6 8. d4 {Threatens to
win with Bg5.} exd4 {White has an edge.} 9. Nd5 Nxd5 {[#]} 10. cxd5 $146 ({
Predecessor:} 10. Bxc6 Nf6 11. Bxb7 Ra7 12. Bd5 c5 13. Re1 Be7 14. Bh6 Ng4 15.
Qd2 Ne5 16. Nxe5 dxe5 17. Bg7 Bg5 18. Qd3 Bf6 19. Qf3 Bf5 20. Bxh8 {1-0 (20)
Fernandez Romero,E (2488)-Martin Garcia,G (2241) Padron 2015}) 10... Ne5 11.
Nxd4 Bg7 12. Bb3 Bb5 13. Re1 Qh4 14. Nxb5 axb5 15. h3 O-O 16. Qc2 (16. Bc2 $15)
16... Rfe8 ({Black should try} 16... f5 $17 {...f4 is the strong threat.} 17.
exf5 Rxf5) 17. Bd2 Re7 18. f4 $2 {[%mdl 8192] [#]} (18. Rac1 $11 {and White
has nothing to worry.}) 18... Nf3+ $1 $19 {[%mdl 512]} 19. gxf3 {Black must
now prevent Kg2.} Qg3+ {[%mdl 64] Double Attack} 20. Kh1 Qxh3+ 21. Kg1 {[#]}
Qg3+ $1 ({Weaker is} 21... Qxf3 22. e5 $11) 22. Kh1 Qxf3+ 23. Kh2 {[#]} Rae8 $1
{Hoping for ...Re5!} 24. e5 $2 (24. Be3 $19 Rxe4 25. Qf2 Qh5+ 26. Kg2 Qg4+ 27.
Kh2 Bxb2 28. Bd1) 24... Bxe5 25. Qe4 {[#]} Bxf4+ $1 {[%mdl 512] Weighted Error
Value: White=1.01/Black=0.06} 0-1

[Event "Aimchess US Rapid Prelims 2021"]
[Site "Chess24"]
[Date "2021.08.25"]
[Round "7.3"]
[White "Aronian, Levon"]
[Black "Mamedyarov, Shakhriyar"]
[Result "1/2-1/2"]
[WhiteElo "2782"]
[BlackElo "2782"]
[Annotator "TA"]
[PlyCount "27"]
[EventDate "2021.08.28"]
[EventType "tourn"]
[EventCountry "NET"]
[Tiebreak "Direct encounter+Number of wins+Koya"]
[SourceTitle "playchess.com"]
[Source "ChessBase"]
[SourceQuality "1"]

{[%evp 26,27,0,0]} 1. e4 e5 2. Nf3 Nc6 3. Bc4 Bc5 4. c3 Nf6 5. d4 exd4 6. cxd4
Bb4+ 7. Bd2 Bxd2+ 8. Nbxd2 d5 9. exd5 Nxd5 10. Qb3 Na5 11. Qa4+ Nc6 12. Qb3 Na5
13. Qa4+ Nc6 {[#]} 14. Qb3 $146 ({Predecessor:} 14. Ke2) 1/2-1/2

[Event "Aimchess US Rapid Prelims 2021"]
[Site "Chess24"]
[Date "2021.08.25"]
[Round "7.4"]
[White "Van Foreest, Jorden"]
[Black "Dominguez Perez, Leinier"]
[Result "1-0"]
[WhiteElo "2698"]
[BlackElo "2758"]
[Annotator "TA"]
[PlyCount "59"]
[EventDate "2021.08.28"]
[EventType "tourn"]
[EventCountry "NET"]
[Tiebreak "Direct encounter+Number of wins+Koya"]
[SourceTitle "playchess.com"]
[Source "ChessBase"]
[SourceQuality "1"]

{[%evp 16,59,-4,-14,0,-11,-10,-13,-7,-11,-4,-31,0,0,0,0,-2,-2,0,-48,-41,-31,
-39,-32,-33,-56,58,75,67,62,96,104,96,97,108,102,211,203,400,405,433,419,431,
420,422,408]} 1. d4 d5 2. c4 dxc4 3. Nf3 Nf6 4. e3 e6 5. Bxc4 c5 6. O-O a6 7.
e4 b5 8. Bd3 Bb7 9. e5 {9.e5 scores better than 9.Bg5.} Nd5 {D27: Queen's
Gambit Accepted: Classical main line: 7 e4!? and 7 a4.} 10. Nc3 {[#]} cxd4 $146
({Predecessor:} 10... Nxc3 11. bxc3 Be7 12. a4 b4 13. dxc5 bxc3 14. Be3 Nd7 15.
Rc1 Bxf3 16. Qxf3 Nxe5 17. Qe4 Nxd3 {0-1 (32) Kretov,E (2269)-Zierk,S (2499)
Chess.com INT 2021}) 11. Nxd5 Qxd5 {The position is equal.} 12. Re1 Nc6 13. Bd2
Nb4 14. Be4 Qd7 15. a4 d3 {...Nc2 is the strong threat.} 16. axb5 Nc2 17. Rxa6
Rxa6 (17... Nxe1 $2 18. Rxa8+ Bxa8 19. Bxa8 $18) 18. bxa6 Bxa6 19. Rf1 Be7 20.
Ng5 h6 {[#]} (20... Bxg5 $15 21. Bxg5 h6) 21. Qf3 $1 $14 O-O ({Not} 21... hxg5
$2 22. Bc6 $18) 22. Nh7 Rc8 {[#] Threatens to win with ...Nd4.} 23. Nf6+ $1
Bxf6 ({And not} 23... gxf6 24. Bxh6 Kh8 25. exf6 Rg8 26. Qh3 Rxg2+ 27. Bxg2
Bxf6 28. Bg5+ Kg7 29. Qh6+ Kg8 30. Bxf6 Qe8 31. Qh8#) 24. exf6 Qd8 25. Bc3 $40
{[%mdl 128] aiming for Qg4! White has strong attack.} Nd4 {[#]} (25... g6 $16)
26. Qg4 $1 $18 {[%csl Gf6][%cal Rg4g7]} Qxf6 (26... Ne2+ {was called for.} 27.
Kh1 g5) 27. Bxd4 h5 ({But not} 27... Qxd4 $2 {[#]} 28. Bh7+ $1 {[%mdl 512]}
Kxh7 29. Qxd4 $18) 28. Bxf6 {[%csl Gf6][%cal Rg4g7]} hxg4 29. Bc3 f5 {[#]} 30.
Ra1 $1 {Weighted Error Value: White=0.04/Black=0.28} 1-0

[Event "Aimchess US Rapid Prelims 2021"]
[Site "Chess24"]
[Date "2021.08.25"]
[Round "7.5"]
[White "Carlsen, Magnus"]
[Black "Vachier-Lagrave, Maxime"]
[Result "1-0"]
[WhiteElo "2847"]
[BlackElo "2751"]
[Annotator "TA"]
[PlyCount "73"]
[EventDate "2021.08.28"]
[EventType "tourn"]
[EventCountry "NET"]
[Tiebreak "Direct encounter+Number of wins+Koya"]
[SourceTitle "playchess.com"]
[Source "ChessBase"]
[SourceQuality "1"]

{[%evp 9,73,0,0,-18,0,0,80,77,70,73,72,79,79,63,84,76,84,93,84,88,87,87,90,91,
90,72,122,97,100,89,154,138,181,166,151,150,137,129,136,145,169,143,142,150,
275,166,165,173,263,275,285,288,367,355,452,450,583,486,495,470,538,516,745,
745,716,694]} 1. d4 Nf6 2. c4 g6 3. Nc3 d5 4. h4 c5 5. cxd5 Nxd5 {[#]} 6. Na4
$146 {D80: Grünfeld: Unusual White 4th moves and 4 Bg5.} ({Predecessor:} 6.
dxc5 Nxc3 7. Qxd8+ Kxd8 8. bxc3 Bg7 9. Kd2 Bf5 10. f3 Nd7 11. e4 Be6 12. c6
bxc6 {1/2-1/2 (23) Drazic,S (2469)-Popov,I (2652) Chennai 2013}) 6... Nc6 7. e4
Nb6 ({Don't play} 7... Nxd4 $6 8. exd5 Bg7 9. Nc3 $16) (7... Nf6 $11) 8. d5 $16
{White is better.} Ne5 9. h5 Nxa4 10. Qxa4+ Bd7 11. Qa3 Qb6 12. Qc3 Qb4 13.
Qxb4 cxb4 14. f4 $36 {[%mdl 2048] White is in control.} Ng4 15. hxg6 fxg6 16.
e5 Bf5 17. Be2 Bg7 18. Bf3 O-O 19. Ne2 h5 (19... Rac8 $142) 20. Nd4 Bd7 21. Bd2
Rac8 22. Rc1 Rxc1+ 23. Bxc1 Rc8 {[#]} 24. Ke2 $1 Rc4 25. Kd3 Rc5 {And now ...
Nf2+ would win.} 26. Be3 Bh6 (26... Nxe3 $16 {was called for.} 27. Kxe3 Bh6)
27. g3 {Hoping for e6.} Nxe3 28. Kxe3 a5 (28... Kg7 $142 29. Ke4 Kg8) 29. Be4
$18 Kg7 30. Nb3 Rc8 31. Nxa5 Ra8 32. Nxb7 {White is clearly winning.} Rxa2 33.
Nc5 Bg4 34. Nd3 g5 35. f5 h4 36. gxh4 gxh4+ 37. Kd4 {Black did not feel at
home in the position after the opening.  Weighted Error Value: White=0.09/
Black=0.32} 1-0

[Event "Aimchess US Rapid Prelims 2021"]
[Site "Chess24"]
[Date "2021.08.25"]
[Round "7.6"]
[White "So, Wesley"]
[Black "Hansen, Eric"]
[Result "1-0"]
[WhiteElo "2772"]
[BlackElo "2606"]
[Annotator "TA"]
[PlyCount "97"]
[EventDate "2021.08.28"]
[EventType "tourn"]
[EventCountry "NET"]
[Tiebreak "Direct encounter+Number of wins+Koya"]
[SourceTitle "playchess.com"]
[Source "ChessBase"]
[SourceQuality "1"]

{[%evp 21,97,13,13,13,5,2,12,4,29,0,57,0,0,0,-6,-25,-21,-43,0,-17,-9,-9,-7,-23,
0,0,0,0,0,0,0,0,41,0,0,0,0,0,0,-22,-21,-31,-31,-58,-61,-62,-48,-96,-88,-64,-75,
-98,-95,-109,-87,-89,-79,-39,0,0,0,0,0,0,0,0,0,0,0,0,0,18,103,103,325,317,300,
311]} 1. e4 e5 2. Nf3 Nc6 3. Bc4 Bc5 4. O-O Nf6 5. d3 d6 6. c3 a6 7. Re1 O-O 8.
h3 h6 9. Bb3 Re8 10. Nbd2 Ba7 11. Nf1 Be6 12. Bc2 {C54: Giuoco Piano: 4 c3 Nf6,
main lines with 5 d4 and 5 d3.} d5 13. exd5 Qxd5 14. Ng3 {The position is
equal.} Rad8 15. Qe2 Bc8 {[#]} (15... Qd7 $11) 16. Nh4 $146 ({White should play
} 16. b4 $14) ({Predecessor:} 16. Bd2 Bc5 17. b4 Bf8 18. a4 b6 19. Rab1 b5 20.
axb5 axb5 21. Ne4 Qe6 22. d4 Nxe4 23. Bxe4 {1/2-1/2 (31) Lagno,K (2546)
-Muzychuk,A (2535) Caleta 2021}) 16... Ne7 $11 {[%cal Bc6e7,Be7g6,Bg6f4][%mdl
32]} 17. Bd2 g5 18. Nf3 Ng6 $1 19. Qf1 Nf4 (19... Bxh3 $5 20. Be3 Qxf3 21. Bxa7
Qc6 22. gxh3 Nh4 $11) 20. Bxf4 gxf4 21. Ne4 Nxe4 22. dxe4 Qc5 23. Bb3 Kg7 24.
Rad1 c6 25. Qe2 a5 26. Nh4 b5 27. a3 Qe7 28. Qh5 a4 29. Ba2 Qf6 30. Rf1 Rf8 31.
Nf3 Bb8 32. c4 Rxd1 33. Rxd1 Be6 34. Ra1 Rd8 $1 (34... bxc4 $6 35. Rc1 $11) 35.
cxb5 Bxa2 36. Rxa2 Rd1+ $1 37. Kh2 cxb5 (37... Qe6 38. Nh4 $1 $16 {[%mdl 512]})
38. Nh4 Rd2 39. Ra1 Ba7 (39... Rxb2 $2 40. Rc1 $18) (39... Kh7 $15) 40. Rc1 {
Nf5+ is the strong threat.} Bxf2 41. Nf5+ Kh7 42. Rc7 Bg3+ $1 43. Kh1 Rxb2 44.
Rxf7+ $40 {[%mdl 192] Double Attack. White is up to no good.} Kh8 {( -> ...
Rb1+)} ({Much worse is} 44... Kg8 $6 45. Rd7 $16 (45. Rxf6 $2 {is a self mate.}
Rb1+ 46. Qd1 Rxd1#) (45. Ne7+ Kh8 $11)) 45. Rd7 {Qe8+ would kill now.} (45.
Nxg3 {leads to mate.} fxg3 46. Qd1 Qxf7 47. Qd3 {[#]} Rxg2 $3 {[%mdl 512]} 48.
Qd8+ Kg7 49. Qe7 Rh2+ {[%mdl 64] Double Attack} 50. Kg1 Qxe7 51. Kf1 Qxa3 52.
Kg1 Qc1#) 45... Rb1+ 46. Rd1 Rxd1+ $1 47. Qxd1 b4 $2 (47... Bf2 $16) 48. axb4
$18 a3 {Threatens to win with ...a2.} 49. Qa1 {Weighted Error Value: White=0.
09/Black=0.13} 1-0